000 00494nam a2200193 a 4500
001 6148
003 CO-ViMGA
008 141112s2004 ck r 000 u spa d
040 _aCO-ViMGA
_bspa
_cCO-ViMGA
082 0 4 _a793.73 G847
100 1 _aGuitart Aced, Rosa
_94808
245 1 0 _a101 juegos :
_bjuegos no competitivos
250 _a6a
260 _aBarcelona :
_bGraó,
_c1996
300 _a82 p : il
490 _aPedagogía, 107
650 1 4 _aJUEGOS DE INGENIO
_95058
942 _2ddc
_cBK
999 _c18122
_d18122